000 00551nam a2200229Ia 4500
003 OSt
005 20220918203042.0
006 a|||||r|||| 00| 0
007 ta
008 220917b |||||||| |||| 00| 0 eng d
024 _a105,683
037 _cTextual
040 _aARTS
_cARTS
_beng
041 _2eng
_aeng
082 _aV2:4wM75, L2
100 _aAllen H R
_9106539
245 0 _aLegecy of Lord Trenchard
260 _c1972
650 _aHISTORY
942 _hV2:4wM75, L2
_cTEXL
_2CC
999 _c229042
_d229042